000
00314nam a22001337a 4500
008
181017b xxu||||| |||| 00| 0 eng d
020
_a
9781572240469
041
_a
eng
080
_a
610
100
_a
4
101
_a
SHM
245
_a
Fibromyagia Chronic Myofascial Pain Syndrome
_c
Devin.s
942
_2
udc
_c
BK
999
_c
50075
_d
50075